Glutathione stability and redox ratio in children on haemodialysis and erythropoietin therapy

Elmentve itt :
Bibliográfiai részletek
Szerzők: Németh I.
Túri Sándor
Varga I.
Matkovics B.
Bodrogi T.
Dokumentumtípus: Könyv része
Megjelent: Akadémiai Kiadó Zrt. Budapest 1993
Sorozat:Role of Free Radicals in Biological Systems
Tárgyszavak:
mtmt:1030984
Online Access:http://publicatio.bibl.u-szeged.hu/32150
LEADER 00860naa a2200253 i 4500
001 publ32150
005 20250409134651.0
008 250409s1993 hu o 000 eng d
020 |a 9630565013 
024 7 |a 1030984  |2 mtmt 
040 |a SZTE Publicatio Repozitórium  |b hun 
041 |a eng 
100 1 |a Németh I. 
245 1 0 |a Glutathione stability and redox ratio in children on haemodialysis and erythropoietin therapy  |h [elektronikus dokumentum] /  |c  Németh I. 
260 |a Akadémiai Kiadó Zrt.  |b Budapest  |c 1993 
300 |a 9 
300 |a 215-223 
490 0 |a Role of Free Radicals in Biological Systems 
650 4 |a Klinikai orvostan 
700 0 1 |a Túri Sándor  |e aut 
700 0 1 |a Varga I.  |e aut 
700 0 1 |a Matkovics B.  |e aut 
700 0 1 |a Bodrogi T.  |e aut 
856 4 0 |u http://publicatio.bibl.u-szeged.hu/32150/1/aok_klny_511_93.pdf  |z Dokumentum-elérés